| 000 | 01040nam a22003017a 4500 | ||
|---|---|---|---|
| 001 | 7731 | ||
| 003 | FISKH | ||
| 005 | 20250801142848.0 | ||
| 008 | 250801b cb ||||| |||| 00| 0 eng d | ||
| 020 | _a9780545446839 | ||
| 040 |
_aFISKH _beng _cFISKH _dFISKH |
||
| 050 | _a PZ7.P1755 G | ||
| 082 | _a398.2 | ||
| 100 | _aPalatini, Margie | ||
| 245 |
_aGoldie and the three hares / _cBy Margie Palatin ; Illustrated by Jack E.Davis |
||
| 250 | _aThis edition first published in 2012 | ||
| 260 |
_aNew York : _bScholastic, _c2011 |
||
| 300 |
_a29 pages : _bcolor illustrations ; _c28 cm |
||
| 505 | _aN | ||
| 520 | _aWhen Goldilocks, running from the three bears, falls down a rabbit hole and hurts her foot, a family of hares tries to help but she proves to be a very loud, demanding, and tenacious guest. | ||
| 521 | 8 |
_a550
_bLexile |
|
| 521 | 8 |
_aN
_bRaz-Plus |
|
| 650 |
_2Fairy tale _aTwisted fairy tales |
||
| 650 |
_2Obnoxious _aHares |
||
| 700 |
_aE.Davis, Jack _dillustrator |
||
| 942 |
_2ddc _cBK _n0 |
||
| 999 |
_c7731 _d7731 |
||